Aktuálne trendy v oblasti daňovej politiky v krajinách EÚ

Príspevok sa zaoberá základnými aspektmi daňových politík krajín Európskej únie, pričom pozornosť je sústredená na aktuálne trendy v tejto oblasti v posledných obdobiach. Popísaná je súčasná situácia v súvislosti s daňovou harmonizáciou, ako aj mnohé zmeny uskutočnené v posledných rokoch v daňových...

Ausführliche Beschreibung

Gespeichert in:
Bibliographische Detailangaben
1. Verfasser: Brezániová, Magdaléna
Weitere Verfasser: Štofková, Jana
Format: Buchkapitel
Sprache:Slowakisch
Schlagworte:
Tags: Tag hinzufügen
Keine Tags, Fügen Sie das erste Tag hinzu!

MARC

LEADER 00000nla a2200000 4500
001 0151325
005 20220714114337.5
041 0 |a slo 
044 |a SK 
245 1 0 |a Aktuálne trendy v oblasti daňovej politiky v krajinách EÚ  |c Magdaléna Brezániová, Jana Štofková 
520 |a Príspevok sa zaoberá základnými aspektmi daňových politík krajín Európskej únie, pričom pozornosť je sústredená na aktuálne trendy v tejto oblasti v posledných obdobiach. Popísaná je súčasná situácia v súvislosti s daňovou harmonizáciou, ako aj mnohé zmeny uskutočnené v posledných rokoch v daňových politikách krajín v súvislosti s potrebou konsolidácie verejných financií. Dôraz je kladený na daň z príjmov, najpodrobnejšie je analyzovaná v Slovenskej a Českej republike. 
610 2 0 |a politika daňová 
610 2 0 |a harmonizácia 
610 2 0 |a Európska únia 
610 2 0 |a financie verejné 
610 2 0 |a konsolidácia 
610 2 0 |a dane z príjmov 
100 1 |a Brezániová, Magdaléna 
700 1 |a Štofková, Jana